[Event "Andalucia-ch U14"]
[Site "Islantilla"]
[Date "2012.04.14"]
[Round "7"]
[White "Gonzalez Lorenzo, Francisco Man"]
[Black "Escobosa Fernandez, Javier"]
[Result "1-0"]
[WhiteElo "1646"]
[BlackElo "1435"]
[PlyCount "59"]
[EventDate "2012.04.13"]
[EventType "swiss"]
[EventRounds "9"]
[EventCountry "ESP"]
[SourceTitle "CBM 148 Extra"]
[Source "ChessBase"]
[SourceDate "2012.06.22"]
[SourceVersion "1"]
[SourceVersionDate "2012.06.22"]
[SourceQuality "1"]

1. d4 d5 2. c4 c6 3. Nc3 e6 4. Nf3 f5 5. Bf4 Nf6 6. e3 Bb4 7. Qb3 Bd6 8. Bxd6 Qxd6 9. cxd5 cxd5 10. Nb5 Qb6 11. Rc1 Na6 12. Qa3 Bd7 13. Nd6+ Kf8 14. Nxf5+ Qb4+ 15. Qxb4+ Nxb4 16. Ng3 Nxa2 17. Rc7 Bc6 18. Ne5 Ne8 19. Rf7+ Kg8 20. Rf3 Nf6 21. Bd3 Nb4 22. 0-0 Nxd3 23. Nxd3 Ne4 24. Rd1 Ba4 25. Rc1 Nd2 26. Rf4 Nc4 27. Nc5 Nxb2 28. Nxa4 Nxa4 29. Rc7 b5 30. Nh5 1-0